000 00507nam a2200181 a 4500
005 20140310183313.0
008 051017s19uu xx 00 eng d
020 _a0333760581
050 _aG 155.A1
_b.M399 2001
100 _aMeethan, Kevin
245 _aTourism in global society :
_bplace, culture, consumption /
_cKevin Meethan.
260 _aNew York, N.Y :
_bPalgrave,
_c2001.
300 _avii, 214 p. :
_c22 cm.
521 _aTOU
650 _aTourism.
942 _cBK
_2lcc
_kFOR
999 _c21204
_d21204